000 00325nam a2200157Ia 4500
100 _aShyam/ Talawadekar
250 _a2
942 _cBK
654 _aworld
245 _aWorld of Kaizen
260 _bQuality Mgt Systems
_aMumbai
_c1996
082 _a658.562
_bTAL
300 _a313
546 _aENGLISH
999 _c30483
_d30483